| 000 | 00451nam a22001577a 4500 | ||
|---|---|---|---|
| 999 |
_c12943 _d12943 |
||
| 008 | 211228b ||||| |||| 00| 0 eng d | ||
| 041 | 0 | _aeng | |
| 082 | 0 | 0 |
_a351.5 _bM9927 |
| 100 |
_91282 _aMuthuswamy, P. |
||
| 245 | 1 | 0 |
_aLeave travel concession _cby P. Muthuswamy |
| 250 | _a28th ed. | ||
| 260 |
_aNew Delhi : _bSwamy Publications, _c1991. |
||
| 300 | _aViii,88 p. | ||
| 650 | 0 |
_aPublic Administration - India _xLeave Travel Concession |
|
| 942 | _cBK | ||